Socialist parties in Europe II : of class, populars, catch-all? / Wolfgang Merkel ... [et al.] ; Gabriel Colomé (ed.) of class, populars, catch-all? / Wolfgang Merkel ... [et al.] ; Gabriel Colomé (ed.)
ISBN:
84-7794-208-0
Descripción Física:
246 p. ; 23 cm
Colección:
Workshop Barcelona ; 4
MARC
| LEADER | 00000nam a2200000Ia 4500 | ||
|---|---|---|---|
| 001 | 17635 | ||
| 008 | 160829s1992 xx 000 0 cat d | ||
| 020 | |a 84-7794-208-0 | ||
| 080 | |a M-5-203 | ||
| 245 | |a Socialist parties in Europe II : |b of class, populars, catch-all? / Wolfgang Merkel ... [et al.] ; Gabriel Colomé (ed.) | ||
| 260 | |a Barcelona : |b Institut de Ciències Polítiques i Socials : |b Diputació de Barcelona, |c 1992 | ||
| 300 | |a 246 p. ; |c 23 cm | ||
| 490 | |a Workshop Barcelona ; 4 | ||
| 590 | |a Referències bibliogràfiques a cada capítol. | ||
| 590 | |a Text en anglès | ||
| 650 | |a Partits socialistes |x Europa |x Història |x S. XX |9 34568 | ||
| 700 | |a Merkel, Wolfgang |9 26068 | ||
| 700 | |a Colomé, Gabriel, ed. |9 26069 | ||
| 710 | 2 | |a Institut de Ciències Polítiques i Socials (Barcelona, Catalunya) |9 55871 | |
| 901 | |a Arxiu | ||
| 942 | |n 1 | ||
| 952 | |0 0 |1 0 |4 0 |6 M5203 |7 1 |9 43871 |a Arxiu |b Arxiu |d 2016-12-01 |l 0 |o M-5-203 |p 17635 |r 2016-12-01 00:00:00 |w 2016-12-01 |y ARXIU | ||
| 999 | |c 46451 |d 46451 | ||